| 000 | 05748nab a22009017 4500 | ||
|---|---|---|---|
| 003 | AR-RoUNA | ||
| 022 | _a0327-9022 | ||
| 040 |
_aAR-RoUNA _bspa |
||
| 041 | _aspa | ||
| 044 | _aag | ||
| 245 | _aSumma+ | ||
| 260 |
_aBuenos Aires , _c1993 |
||
| 300 |
_a128 p. : _bil. byn. _bplanos _c34 X25 cm. |
||
| 505 | 0 | _tINDICE | |
| 505 | 0 | _tTORRES DE VIVIENDAS - VIVIENDA COLECTIVA - MAR DEL PLATA | |
| 505 | 0 | _aRoberto Fernández / Habitar Paisajes - Comentarios sobre dos obras de M&OM: Barracas y vistas. p. 4 | |
| 505 | 0 | _aEstudio Mariani - Pérez Maraviglia / Vistas de Playa Grande, Argentina, 2008. p. 6 | |
| 505 | 0 | _aEstudio Mariani - Pérez Maraviglia / Barrancas de Playa Grande, Argentina, 2008. p. 10 | |
| 505 | 0 | _tVIVIENDA COLECTIVA - BUENOS AIRES | |
| 505 | 0 | _tMANZANA, BASAMENTO Y REMATE | |
| 505 | 0 | _aRBVP Arqs. - Robirosa-Beccar Varela-Pasinato-Mccormach asociados. Balbuena-Mccormack-Wofcy Damonte & Donaldson / Forum Puerto Madero, Juana Manso 195, 2009. p. 14 | |
| 505 | 0 | _aCayetana Mercé / Superpoderosas. p. 22 | |
| 505 | 0 | _aRobirosa-Beccar Varela-Pasinato arqs. Sebastián Balbuena / Torres Renoir - Torre 1, Puerto madero, Buenos. Aires, 2008. p. 24 | |
| 505 | 0 | _aEstudio Camps & Tiscornia arqs. Luis G. Camps - Ramiro Tiscornia - Mariano Tiscornia - Opi Mazzinghi, arqs. / Torre Quartier Boulevard, Palermo, Buenos. Aires. p. 26 | |
| 505 | 0 | _aEstudio Aisenson, Roberto Aisemsom, Carlos Pujals, María Hojman, Pablo Pschepiurca, José Fiszelew, arqs. / Torre Bellini, Palermo, C.A. Bs As. p. 28 | |
| 505 | 0 | _aRoberto Segre / Dos Pritzker en acción. p. 30 | |
| 505 | 0 | _aRuth Verde Zein / Habitat, Lina Bo Bardi y la crítica de arquitectura no alienada. p. 32 | |
| 505 | 0 | _aDébora Cerchiara / Vivir en grupo. p. 42 | |
| 505 | 0 | _aAriel Jacubovich / Freire Puzzlehomes, Freire 3576, Saavedra, Buenos Aires, 2007. p. 48 | |
| 505 | 0 | _aOdromo-Monoblock / Edificio de Viviendas Uriarte 1010, Buenos Airess, 2008. p. 52 | |
| 505 | 0 | _aAdamo-Faiden arqs. Sebastián Adamo, Marcelo Faiden / Edificio Arribeños 3182, Buenos Aires, 2007. p. 56 | |
| 505 | 0 | _aAdamo-Faiden arqs. Sebastián Adamo, Marcelo Faiden / Edificio Conesa 4560, Buenos Aires, 2008. p. 60 | |
| 505 | 0 | _aATV Arqs. Federico Azubel, Ignacio Trabucchi, Walter Viggiano / Edificio Cramer 3154, Nuñez, Buenos Aires, 2006. p. 64 | |
| 505 | 0 | _aEstudio Abramzon & Asociados / Edificio de Vivienda en Nuñez, 11 de Septiembre 3219, Buenos Aires, 2008. p. 68 | |
| 505 | 0 | _aSDPC / Sardin-Del Puerto-Colón / Edificio Maure 3310, Buenos Aires, 2006. p. 72 | |
| 505 | 0 | _aFederico Eliaschev, arq. Rodrigo Bercún, César Padilla / Edificio en calle Céspedes, Buenos Aires, 2006. p. 76 | |
| 505 | 0 | _tVIVIENDA COLECTIVA - ALEMANIA | |
| 505 | 0 | _aFernando Diez / Domesticidad y trabajo: de la flexibilidad a la apertura. p. 80 | |
| 505 | 0 | _aarq. Mariano Clusellas, y Otros / Vivienda colectiva HBT510, Humboldt 1510, Buenos Aires, 2008. p. 80 | |
| 505 | 0 | _aIlka y Andreas Ruby / Plan Colectivo de Negocios. p. 84 | |
| 505 | 0 | _aZanderroth Arqs. / Vivienda colectiva RUSC, Ruppiner Str. y Schönholzer Str, Berlín, Alemania2007. p. 86 | |
| 505 | 0 | _aZanderroth Arqs / Vivienda colectiva SC11, Schönholzer Str 11, Berlín, Alemania, 2008. p. 90 | |
| 505 | 0 | _aRoedig-Schop arqs. / Vivienda colectiva K20, Kreutziger Str. 20, Berlín, Alemania, 2008. p. 92 | |
| 505 | 0 | _aRoedig, Schop arqs. / Vivienda colectiva A52 - Diez en uno, Anklamer Str 52, Berlín, Alemania, 2005. p. 94 | |
| 505 | 0 | _tPRÁCTICAS DEL INTERIOR / CÓRDOBA | |
| 505 | 0 | _aMartín Di Pecco / Ágil y Directo. p. 96 | |
| 505 | 0 | _aRoberto Benito, Oscar Aristimuño, Carlos Costamagna arqs. / Consejo Profesional de Ciencias Económicas, San Francisco, 2006. p. 100 | |
| 505 | 0 | _aRoberto Benito arq. / Consultorios Leoni, San Francisco, Córdoba, Argentina, 2008. p. 102 | |
| 505 | 0 | _aRoberto Benito arq. / Departamentos Traverso, San Francisco, Córdoba, Argentina, 2008. p. 104 | |
| 505 | 0 | _aRoberto Benito arq. / Departamentos Dúplex Giordano, San Francisco, Córdoba, Argentina, 2008. p. 106 | |
| 505 | 0 | _aRoberto Benito arq. / Casa Casaldi, San Francisco, Córdoba, Argentina, 2007. p. 106 | |
| 505 | 0 | _aRoberto Benito arq./ Casa Marín, San Francisco, Córdoba, Argentina, 2007. p. 108 | |
| 505 | 0 | _aRoberto Benito arq./ Casa Magnano - Vivienda Rural, Zona Rural Josefina, Santa Fe, Argentina, 2008. p. 110 | |
| 505 | 0 | _aRoberto Benito arq./ Quincho Vignolo, San Francisco, Córdoba, Argentina, 2003. p. 112 | |
| 505 | 0 | _tFRAGMENTOS - CUADERNO DE VIAJES | |
| 505 | 0 | _aIgnacio Ros de Olano / Río de Janeiro en Papel. p. 114 | |
| 505 | 0 | _aLecturas / Pintoresco y delito. p. 116 | |
| 505 | 0 | _aUniversitarias / Buenos Aires aérea y subterránea. p. 118 | |
| 505 | 0 | _aTaller de pies a cabeza Buenos Aires. p. 118 | |
| 505 | 0 | _aRafael E. J. Iglesia / Bolivia en Liniers. p. 120 | |
| 505 | 0 | _aRoberto Fernández / Roussel: el lugar ficticio. p. 123 | |
| 505 | 0 | _aRita Molinos y Mario Sabugo / Egipto (2): El Cairo. p. 126 | |
| 505 | 0 | _tPOST-SCRIPTUM | |
| 505 | 0 | _aCarlos Gustavo Giménez / El comitente y el arquitecto. p. 128 | |
| 600 | 0 |
_91557 _aBardi, Lina Bo _d1914-1992. |
|
| 600 | 0 |
_a Roeding, Christopf _927414 |
|
| 600 | 0 |
_aSchop, Ulrich _927415 |
|
| 650 | _aArquitectura contemporánea | ||
| 650 |
_aViviendas colectivas _91342 |
||
| 651 | 0 |
_9193 _aBuenos Aires (Argentina) |
|
| 651 | 0 |
_aSan Francisco (Córdoba, Argentina) _927416 |
|
| 651 | 0 |
_aMar del Plata (Buenos Aires, Argentina) _92550 |
|
| 773 | 0 |
_aSumma+ _dBuenos Aires, Argentina _gNº101 (jun-2009), p. 128 _x0327-9022 |
|
| 908 | _aImp | ||
| 942 |
_2udc _cART |
||
| 945 |
_aMBP _d2022-07-08 |
||
| 980 |
_85 _gMaría Machado _6138 _aCarolina Rainero |
||
| 999 |
_c12097 _d12097 |
||